000 01011nam a2200229 i 4500
003 DO-SdBNP
005 20250116073944.0
007 ta
008 110413s1977 dr 000 0 spa d
040 _aDO-SdBNP
_bspa
_cBNPHU
_erda
082 _axxx
_bD286
_222
110 1 _aRepública Dominicana.
_bSecretaría de Estado de Educación, Bellas Artes y Cultos
_923965
245 1 0 _aDeber de los padres :
_bdiscurso pronunciado por el señor Secretario de Educación, Dr. Leonardo Matos Berrido, en el Congreso de delegados de las Sociedades de Padres y amigos de la escuela, celebrado en el Palacio de Bellas Artes, el 24 de noviembre de 1976 /
264 _aSanto Domingo :
_bSecretaria de Estado de Educación Bellas Artes y Cultos,
_bImpresos Nacionales Sánchez,
_c1977.
300 _a4 páginas
_c25 cm.
336 _2rdacontent
_atexto
_btxt
337 _2rdamedia
_asin mediación
_bn
338 _2rdacarrier
_avolumen
_bnc
590 _aInventariado, 2023/ YL
910 _aYLockward
942 _2ddc
_cLF2
999 _c54565
_d54565